Fábulas de autores clásicos / (Registro nro. 12482)
[ vista simple ]
| 000 -LIDER | |
|---|---|
| fixed length control field | 00853nam a2200313 c 4500 |
| 001 - NÚMERO DE CONTROL | |
| Identificador de número de control | |
| 003 - IDENTIFICACDOR DE NÚMERO DE CONTROL | |
| control field | DO-SdBNP |
| 005 - DATE AND TIME OF LATEST TRANSACTION | |
| control field | 20180222134236.0 |
| 008 - ELEMENTOS DE LONGITUD FIJA | |
| fixed length control field | 120412s1991 ec a | |||| 000 1 spa |
| 015 ## - NÚMERO DENTRO DE LA BIBLIOGRAFÍA NACIONAL | |
| National bibliography number | |
| 017 ## - NÚMERO DE REGISTRO DE DERECHOS DE AUTOR | |
| Copyright or legal deposit number | |
| Assigning agency | |
| 020 ## - ISBN | |
| International Standard Book Number | 9978801103 |
| 035 ## - NÚMERO LOCAL | |
| System control number | (OCoLC) |
| 040 ## - FUENTE DE CATALOGACIÓN | |
| Agencia que crea de manera original el registro | BPMSU |
| Idioma de catalogación | spa |
| Agencia que realiza la transcripción | BPMSU |
| Convenciones de la despripción | dr |
| 080 ## - NÚMERO DE CLASIFICACIÓN DECIMAL UNIVERSAL | |
| Universal Decimal Classification number | |
| 082 #4 - NÚMERO DE CLASIFICACIÓN DECIMAL DE DEWEY | |
| Classification number | xxx |
| Item number | xxx |
| 100 ## - ASIENTO PRINCIPAL -- NOMBRE PERSONAL | |
| Nombre personal | Esopo, Fedro |
| 245 10 - MENCIÓN DE TITULO | |
| Título | Fábulas de autores clásicos / |
| Mención de responsabilidad | Esopo-Fedro ; adaptación del texto Graciela Eldredge C. |
| 260 ## - PUBLICACIÓN, DISTRIBUCIÓN, ETC. (PIE DE IMPRENTA) | |
| Lugar de publicación, distribución, etc | Ecuador : |
| Nombre del editor, distribuidor, etc. | Libresa, |
| Fecha de publicación, distribución, etc | 1991. |
| 300 ## - DESCRIPCIÓN FÍSICA | |
| Extensión | 68 p. : |
| Otros detalles físicos | il ; |
| Dimensiones | 20 cm |
| 336 ## - CONTENT TYPE | |
| Content type term | |
| Source | |
| 337 ## - MEDIA TYPE | |
| Media type term | |
| Source | |
| 490 0# - MENCIÓN DE SERIES | |
| Mención de serie | Clásicos de siempre |
| Volume/sequential designation | 24 |
| 700 1# - ASIENTO SECUNDARIO -- NOMBRE PERSONAL | |
| Nombre personal | Eldredge C., Graciela |
| Mención de responsabilidad | adap. |
| 830 ## - ASIENTO SECUNDARIO DE SERIE--TÍTULO UNIFORME | |
| Título uniforme | Clásicos de siempre |
| Volume number/sequential designation | 24 |
| 942 ## - ADDED ENTRY ELEMENTS (KOHA) | |
| Source of classification or shelving scheme | Dewey Decimal Classification |
| Koha item type | Libros |
| 945 ## - INFORMACIÓN DE PROCESAMIENTO LOCAL | |
| Información de procesamiento local | Inventariado, 2018/ YL |
| 956 ## - LOCAL ELECTRONIC LOCATION AND ACCESS (OCLC) | |
| Nombre de host | VMATEO |
| Número de acceso | 10 |
| Información de compresión | 20170116 |
| Trayectoria | BPMSU |
| Nombre Electrónico | 0069 |
| Withdrawn status | Lost status | Source of classification or shelving scheme | Damaged status | Not for loan | Collection code | Home library | Current library | Date acquired | Source of acquisition | Total Checkouts | Full call number | Barcode | Date last seen | Price effective from | Koha item type |
|---|---|---|---|---|---|---|---|---|---|---|---|---|---|---|---|
| Dewey Decimal Classification | Colección Infantil General | Biblioteca Pública Metropolitana Salomé Ureña | Biblioteca Pública Metropolitana Salomé Ureña | 01/16/2017 | Sellar | xxx xxx | BPMSU17010063 | 01/16/2017 | 01/16/2017 | Libros |